Schopných treba podporiť Rozhovor HN s novovymenovaným rektorom Ekonomickej univerzity v Bratislave doc.Ing.Jurajom Sternom, CSc.

Rozhovor s novovymenovaným rektorom EU Doc.Ing. J. Sternom, CSc. Úlohy na trojročné funkčné obdobie. Hodnotenie úrovne študentov a absolventov EU. Problematika zlepšenia finančnej situácie vysokých škôl.

Saved in:
Bibliographic Details
Main Author: Stern, Juraj
Other Authors: Danko, P.
Format: Book Chapter
Language:Slovak
Subjects:
Tags: Add Tag
No Tags, Be the first to tag this record!

MARC

LEADER 00000naa a2200000 4500
001 r014713
005 20221213113557.4
041 0 |a slo 
044 |a SK 
245 1 0 |a Schopných treba podporiť  |b Rozhovor HN s novovymenovaným rektorom Ekonomickej univerzity v Bratislave doc.Ing.Jurajom Sternom, CSc.  |c Juraj Stern, P. Danko 
520 |a Rozhovor s novovymenovaným rektorom EU Doc.Ing. J. Sternom, CSc. Úlohy na trojročné funkčné obdobie. Hodnotenie úrovne študentov a absolventov EU. Problematika zlepšenia finančnej situácie vysokých škôl. 
610 2 0 |a Ekonomická univerzita v Bratislave 
610 2 0 |a školy vysoké 
610 2 0 |a vzdelanie vysokoškolské 
610 2 0 |a financovanie 
610 2 0 |a študenti 
610 2 0 |a Slovensko 
100 1 |a Stern, Juraj 
700 1 |a Danko, P.